Central Library OPAC University of Rajshahi

The theory of economic planning / (Record no. 2897)

MARC details
000 -LEADER
fixed length control field 00826nam a2200265 4500
001 - CONTROL NUMBER
control field 2897
003 - CONTROL NUMBER IDENTIFIER
rucl marc code BD-RjUL
005 - DATE AND TIME OF LATEST TRANSACTION
control field 20211208233635.0
008 - FIXED-LENGTH DATA ELEMENTS--GENERAL INFORMATION
fixed length control field 131217r19741973ne b 001 0 eng
020 ## - INTERNATIONAL STANDARD BOOK NUMBER
International Standard Book Number 0444104712 (American Elsevier)
035 ## - SYSTEM CONTROL NUMBER
System control number (BD-RjUL)2925
040 ## - CATALOGING SOURCE
Original cataloging agency DLC
Transcribing agency DLC
Modifying agency DLC
-- BD-RjUL
Language of cataloging eng
041 ## - LANGUAGE CODE
Language code of text/sound track or separate title eng
082 00 - DEWEY DECIMAL CLASSIFICATION NUMBER
Classification number 338.9001
Author mark and year HET 1974
100 1# - MAIN ENTRY--PERSONAL NAME
Personal name Heal, G. M.
9 (RLIN) 9277
245 14 - TITLE STATEMENT
Title The theory of economic planning /
Statement of responsibility, etc. [by] G. M. Heal.
260 ## - PUBLICATION, DISTRIBUTION, ETC. (IMPRINT)
Place of publication, distribution, etc. Amsterdam,
Name of publisher, distributor, etc. North-Holland Pub. Co.;
Place of publication, distribution, etc. New York,
Name of publisher, distributor, etc. American Elsevier Pub. Co.,
Date of publication, distribution, etc. 1973 [Reprinting 1974].
300 ## - PHYSICAL DESCRIPTION
Pagination xiv, 409 p. ;
Size 23 cm.
490 0# - SERIES STATEMENT
Series statement Advanced textbooks in economics, v. 3
504 ## - BIBLIOGRAPHY, ETC. NOTE
Bibliography, etc Bibliography: p. [399]-403.
650 #0 - SUBJECT ADDED ENTRY--TOPICAL TERM
Topical term or geographic name as entry element Economic policy.
9 (RLIN) 9278
942 ## - ADDED ENTRY ELEMENTS (KOHA)
Source of classification or shelving scheme Dewey Decimal Classification
Koha item type Books
Holdings
Lost status Source of classification or shelving scheme Damaged status Not for loan Collection code Permanent Location Current Location Shelving location Date acquired Source of acquisition Cost, normal purchase price Total Checkouts Full call number Date last seen Copy number Koha item type
  Dewey Decimal Classification     Non-fiction Central Library, University of Rajshahi Central Library, University of Rajshahi   15/08/1979 Heffers 9.40   338.9001 HET 1974 17/12/2013 C-3 Books
  Dewey Decimal Classification     Non-fiction Central Library, University of Rajshahi Central Library, University of Rajshahi   20/09/1980 Netherland     338.9001 HET 1979 18/01/2014 C-4 Books
  Dewey Decimal Classification     Non-fiction Central Library, University of Rajshahi Central Library, University of Rajshahi Electronic Books 03/04/1979 Netherland     338.9001 HET 1974 23/07/2016 C-2 Books
  Dewey Decimal Classification   Not For Loan Non-fiction Central Library, University of Rajshahi Central Library, University of Rajshahi Reading Room 03/04/1979 Netherland     338.9001 HET 1974 22/12/2016 C-1 Books